00588nam a22002057a 4500010001300000020001500013035001300028037001800041040001200059082001700071100001700088245006700105250001200172260003700184270005600221300002000277650003800297650002700335700002000362 aA-950253 a8171770924 aA-950253 bCen Lib / Ret aDPLbEN a347.052bMIT aMitra, B. B. aThe Limitation Act, 1963 /cby B. B. Mitra [and] M. R. Mallick a20th ed aKolkatabEastern Law Housec1998 a54 Ganesh Chunder Avenue Kolkata bKolkata e700013 a1292pb25cm(Hb) a Limitation of actions -- India.  aLimitation of actions. aMallick, M. R.